[Event "Online Olym Div2 E 2021"]
[Site "chess.com INT"]
[Date "2021.09.04"]
[Round "8.1"]
[Board "6"]
[White "Hernandez Gil, Ineymig"]
[Black "Hernandez Bermudez, Manuela"]
[Result "1-0"]
[WhiteTitle "WFM"]
[WhiteElo "2348"]
[BlackElo "1921"]
[WhiteTeam "Cuba"]
[BlackTeam "Colombia"]
[WhiteFideId "3526216"]
[BlackFideId "4483103"]
[EventDate "2021.09.02"]
[EventType "team"]

1. e4 c5 2. Nf3 d6 3. d4 cxd4 4. Nxd4 Nf6 5. Nc3 g6 6. Be3 Bg7 7. f3 O-O 8. Qd2
Nc6 9. O-O-O d5 10. Nxc6 bxc6 11. Bc4 e6 12. Bb3 Bb7 13. Na4 dxe4 14. Qxd8 Rfxd8
15. Nc5 Rxd1+ 16. Rxd1 Nd5 17. Bxd5 cxd5 18. Nxb7 Rb8 19. Nc5 Bxb2+ 20. Kd2 d4
21. Bf4 Bc3+ 22. Ke2 exf3+ 23. gxf3 Rb2 24. Kd3 Rb5 25. Ne4 e5 26. Nxc3 dxc3 27.
Be3 Ra5 28. Kxc3 Ra3+ 29. Kd2 Rxa2 30. Rb1 Kg7 31. Rb7 a5 32. Ra7 Ra1 33. Bb6 a4
34. Bc7 Kf6 35. Ra5 Rh1 36. Bxe5+ Ke6 37. Bg3 Ra1 38. c4 Ra2+ 39. Kc3 Ra3+ 40.
Kb4 Rb3+ 41. Kxa4 Rxf3 42. Ra6+ Kd7 43. c5 Rf1 44. c6+ Kd8 45. c7+ Kd7 46. Rd6+
Kxc7 47. Rd1+ 1-0

[Event "Online Olym Div2 E 2021"]
[Site "chess.com INT"]
[Date "2021.09.04"]
[Round "8.2"]
[Board "1"]
[White "Vazquez, Guillermo"]
[Black "Henriquez Villagra, Cristobal"]
[Result "1/2-1/2"]
[WhiteTitle "IM"]
[BlackTitle "GM"]
[WhiteElo "2534"]
[BlackElo "2608"]
[WhiteTeam "Paraguay"]
[BlackTeam "Chile"]
[WhiteFideId "3702308"]
[BlackFideId "3409350"]
[EventDate "2021.09.02"]
[EventType "team"]

1. e4 c5 2. Nf3 g6 3. c4 Bg7 4. d4 cxd4 5. Nxd4 Nc6 6. Be3 Qb6 7. Nb3 Qd8 8. Qd2
Nf6 9. f3 O-O 10. Nc3 d6 11. Be2 a5 12. Na4 Nd7 13. O-O b6 14. Rac1 Nc5 15. Nc3
Be5 16. Nd4 Nxd4 17. Bxd4 Bb7 18. Rcd1 Rc8 19. Qe3 Bxd4 20. Rxd4 a4 21. e5 Ne6
22. Rh4 g5 23. Rg4 dxe5 24. Qxe5 Qd6 25. Qxd6 exd6 26. Nxa4 h5 27. Rg3 h4 28.
Rh3 Nf4 29. Kf2 Rce8 30. Nc3 Bc8 31. Rd1 Re5 32. Bf1 Rd8 33. g4 Bb7 34. Rd4
Nxh3+ 35. Bxh3 Kf8 36. Bg2 Ba8 37. f4 gxf4 38. Bxa8 Rxa8 39. Rxd6 Re3 40. g5 Kg7
41. Rd4 Rxc3 42. bxc3 Rxa2+ 43. Kf3 Rxh2 44. Rxf4 Rc2 45. Kg4 Rxc3 46. Kxh4 Rb3 1/2-1/2

[Event "Online Olym Div2 E 2021"]
[Site "chess.com INT"]
[Date "2021.09.04"]
[Round "8.2"]
[Board "2"]
[White "Salinas Herrera, Pablo"]
[Black "Benitez Galeano, Alejandro"]
[Result "1-0"]
[WhiteTitle "GM"]
[BlackTitle "FM"]
[WhiteElo "2509"]
[BlackElo "2201"]
[WhiteTeam "Chile"]
[BlackTeam "Paraguay"]
[WhiteFideId "3407128"]
[BlackFideId "3703568"]
[EventDate "2021.09.02"]
[EventType "team"]

1. d4 d5 2. Nf3 Nf6 3. Bf4 e6 4. e3 Bd6 5. Nbd2 O-O 6. Bd3 b6 7. O-O Ba6 8. Ne5
Bxd3 9. cxd3 c5 10. Ndf3 Nh5 11. Bg5 f6 12. Nd2 Qe8 13. g4 fxg5 14. gxh5 cxd4
15. exd4 Rf4 16. Qe2 Rxd4 17. Ndf3 Rf4 18. Rac1 g4 19. Ng5 Rf5 20. Ngf7 Bxe5 21.
Nxe5 Nd7 22. Nxg4 Rxh5 23. Kh1 Rg5 24. f4 Rf5 25. Rc7 Rc8 26. Rxc8 Qxc8 27.
Qxe6+ Rf7 28. Ne5 Qf8 29. Nxd7 1-0

[Event "Online Olym Div2 E 2021"]
[Site "chess.com INT"]
[Date "2021.09.04"]
[Round "8.2"]
[Board "3"]
[White "Perez Rodriguez, Jennifer"]
[Black "Morales Flores, Monserrat"]
[Result "1-0"]
[WhiteTitle "WIM"]
[BlackTitle "WCM"]
[WhiteElo "2251"]
[BlackElo "1953"]
[WhiteTeam "Paraguay"]
[BlackTeam "Chile"]
[WhiteFideId "3507831"]
[BlackFideId "3412016"]
[EventDate "2021.09.02"]
[EventType "team"]

1. e4 c5 2. c3 d5 3. exd5 Qxd5 4. d4 g6 5. Nf3 Bg7 6. Na3 Nc6 7. Nb5 Qd8 8. Bf4
e5 9. dxe5 Qe7 10. Qd6 Qxd6 11. Nxd6+ Ke7 12. Bc4 Be6 13. Bxe6 fxe6 14. O-O-O h6
15. Nxb7 g5 16. Bg3 c4 17. Rd6 Rc8 18. Rhd1 Rc7 19. Nc5 1-0

[Event "Online Olym Div2 E 2021"]
[Site "chess.com INT"]
[Date "2021.09.04"]
[Round "8.2"]
[Board "4"]
[White "Reyes Jara, Paula"]
[Black "Vargas, Gabriela"]
[Result "0-1"]
[WhiteTitle "WFM"]
[BlackTitle "WIM"]
[WhiteElo "1871"]
[BlackElo "2152"]
[WhiteTeam "Chile"]
[BlackTeam "Paraguay"]
[WhiteFideId "3403920"]
[BlackFideId "3700860"]
[EventDate "2021.09.02"]
[EventType "team"]

1. e4 e6 2. d4 d5 3. Nc3 Nf6 4. e5 Nfd7 5. Nce2 c5 6. c3 Nc6 7. Nf3 Qb6 8. a3
cxd4 9. cxd4 f6 10. Nf4 fxe5 11. Nxe6 e4 12. Nfg5 Nf6 13. Bf4 Bxe6 14. Nxe6 Rc8
15. b4 Nxb4 16. Qa4+ Nc6 17. Bb5 a6 18. Be2 h6 19. O-O Kf7 20. Nxf8 Rhxf8 21.
Be3 Kg8 22. Rfb1 Qa7 23. Ra2 b5 24. Qd1 Rfd8 25. g4 Qb6 26. g5 hxg5 27. Kh1 Re8
28. Rd2 Na5 29. Bxg5 Nc4 30. Ra2 e3 31. f4 Ne4 32. Kg2 Nf2 33. Qc2 Qe6 34. Qg6
Qxg6 0-1

[Event "Online Olym Div2 E 2021"]
[Site "chess.com INT"]
[Date "2021.09.04"]
[Round "8.2"]
[Board "5"]
[White "Melian, Juan Sebastian"]
[Black "Pena Cifuentes, Tomas Alberto"]
[Result "1/2-1/2"]
[WhiteTitle "CM"]
[WhiteElo "1978"]
[BlackElo "2018"]
[WhiteTeam "Paraguay"]
[BlackTeam "Chile"]
[WhiteFideId "3706575"]
[BlackFideId "3421996"]
[EventDate "2021.09.02"]
[EventType "team"]

1. e4 d6 2. d4 Nf6 3. Nc3 e5 4. Nf3 Nbd7 5. Bc4 Be7 6. O-O O-O 7. Re1 c6 8. a3
h6 9. h3 Re8 10. Be3 Qc7 11. Qd2 Nf8 12. Rad1 b5 13. Ba2 a5 14. Qc1 b4 15. Nb1
Be6 16. d5 cxd5 17. exd5 Bf5 18. c4 Qb7 19. Nbd2 Rec8 20. Qa1 Rab8 21. Bb1 Bd7
22. Rc1 bxa3 23. bxa3 Qb2 24. Qxb2 Rxb2 25. Red1 Ba4 26. Re1 N8d7 27. Bf5 Rcb8
28. c5 Nxc5 29. Bxc5 dxc5 30. Nc4 R2b7 31. d6 Bf8 32. Nfxe5 Rd8 33. Nxa5 Rb6 34.
Nac4 Ra6 35. d7 g6 36. Bc2 Bxd7 37. Rcd1 Re8 38. f4 Be6 39. Bd3 Ra7 40. g3 Rd8
41. Nxg6 Rxd3 42. Rxd3 Bxc4 43. Rc3 fxg6 44. Rxc4 Rxa3 45. Kg2 Nd5 46. Rce4 h5
47. Re6 Kf7 48. R6e5 Nf6 49. R5e2 c4 50. Rc1 c3 51. Re3 Ra2+ 52. Kf3 Bb4 53. g4
hxg4+ 54. hxg4 Nd5 55. Rd3 Rd2 56. Rxd2 cxd2 57. Rd1 Ke6 58. f5+ gxf5 59. gxf5+
Kxf5 60. Ke2 Nf4+ 61. Ke3 Ng2+ 62. Kd3 Nf4+ 63. Kc2 Ke4 64. Rxd2 Bxd2 65. Kxd2 1/2-1/2

[Event "Online Olym Div2 E 2021"]
[Site "chess.com INT"]
[Date "2021.09.04"]
[Round "8.2"]
[Board "6"]
[White "Rozas Lazcano, Valeska"]
[Black "Oviedo Acosta, Paula"]
[Result "1-0"]
[WhiteElo "1399"]
[BlackElo "1637"]
[WhiteTeam "Chile"]
[BlackTeam "Paraguay"]
[WhiteFideId "3438910"]
[BlackFideId "3704394"]
[EventDate "2021.09.02"]
[EventType "team"]

1. e4 c5 2. Nc3 e6 3. Nf3 a6 4. d4 cxd4 5. Nxd4 b5 6. g3 Bb7 7. Bg2 Nf6 8. O-O
d6 9. Re1 Qc7 10. Nd5 exd5 11. exd5+ Kd8 12. Bg5 Nd7 13. Qe2 Kc8 14. c4 b4 15.
Nc6 Ne5 16. Bxf6 gxf6 17. Bh3+ Qd7 18. Bxd7+ Kxd7 19. f4 Nxc6 20. dxc6+ Bxc6 21.
Qg4+ Kc7 22. Qf5 d5 23. cxd5 Bc5+ 24. Kg2 Bd7 25. Qxf6 Bb6 26. Rac1+ Kb7 27. Re7
Rhd8 28. Qc6+ 1-0

[Event "Online Olym Div2 E 2021"]
[Site "chess.com INT"]
[Date "2021.09.04"]
[Round "8.3"]
[Board "1"]
[White "Valdes Romero, Leonardo"]
[Black "Matamoros Franco, Carlos S."]
[Result "1-0"]
[WhiteTitle "IM"]
[BlackTitle "GM"]
[WhiteElo "2402"]
[BlackElo "2486"]
[WhiteTeam "Costa Rica"]
[BlackTeam "Ecuador"]
[WhiteFideId "6500331"]
[BlackFideId "3600017"]
[EventDate "2021.09.02"]
[EventType "team"]

1. Nf3 Nf6 2. g3 g6 3. Bg2 Bg7 4. O-O O-O 5. d3 d6 6. e4 c5 7. Nbd2 Nc6 8. Re1
e5 9. c3 h6 10. a3 Be6 11. b4 b5 12. Rb1 Rb8 13. Nb3 a5 14. bxa5 Nxa5 15. Nxa5
Qxa5 16. d4 Qc7 17. Bb2 c4 18. a4 bxa4 19. Qxa4 Ra8 20. Qc2 Rfb8 21. Ra1 Rxa1
22. Bxa1 Qa5 23. d5 Bd7 24. Nd2 Qc5 25. Qa2 Ng4 26. Rf1 Rc8 27. h3 Nf6 28. Rb1
Nh5 29. Rb4 Nxg3 30. Rxc4 Ne2+ 31. Kf1 Nxc3 32. Rxc3 Qb5+ 33. Kg1 Rxc3 34. Bxc3
Qd3 35. Bb4 Bxh3 36. Qb3 Qe2 37. Qxh3 h5 38. Nf1 Qa6 39. Qd7 Bf8 40. Qc6 Qa1 41.
Bxd6 Bh6 42. Qe8+ 1-0

[Event "Online Olym Div2 E 2021"]
[Site "chess.com INT"]
[Date "2021.09.04"]
[Round "8.3"]
[Board "2"]
[White "Noboa Silva, Kevin"]
[Black "Chaves Sanchez, Gabriel A"]
[Result "1-0"]
[WhiteTitle "FM"]
[WhiteElo "2331"]
[BlackElo "2190"]
[WhiteTeam "Ecuador"]
[BlackTeam "Costa Rica"]
[WhiteFideId "3618471"]
[BlackFideId "6502180"]
[EventDate "2021.09.02"]
[EventType "team"]

1. d4 Nf6 2. c4 e6 3. Nc3 Bb4 4. e3 O-O 5. Bd3 d5 6. a3 Be7 7. Nge2 b6 8. O-O
dxc4 9. Bxc4 Bb7 10. b4 c5 11. bxc5 bxc5 12. Rb1 Qc8 13. d5 Nxd5 14. Nxd5 Bxd5
15. Bxd5 exd5 16. Qxd5 Nd7 17. Nf4 Nb6 18. Qf3 Bf6 19. Nh5 Qe6 20. Nxf6+ Qxf6
21. Qxf6 gxf6 22. Bb2 f5 23. Rbc1 Rac8 24. Rfd1 Rfd8 25. Rxd8+ Rxd8 26. g4 Rd2
27. Bc3 Ra2 28. Rd1 f6 29. Bxf6 fxg4 30. Rc1 c4 31. Bd4 Rxa3 32. Bxb6 axb6 33.
Rxc4 h5 34. Rb4 h4 35. Rxg4+ Kf7 36. Rxh4 Rc3 37. Rb4 Rc6 38. Kg2 Kg6 39. Kg3
Kf6 40. f4 Rd6 41. e4 Kg6 42. Kg4 Rc6 43. h4 Kh6 44. h5 Rd6 45. e5 Rc6 46. Rd4
Kh7 47. Rd7+ Kg8 48. Rb7 Kf8 49. Kg5 Kg8 50. f5 Kf8 51. e6 Ke8 52. Kf6 1-0

[Event "Online Olym Div2 E 2021"]
[Site "chess.com INT"]
[Date "2021.09.04"]
[Round "8.3"]
[Board "3"]
[White "Salazar Gould, Melanie"]
[Black "Ortiz Verdezoto, Anahi"]
[Result "0-1"]
[WhiteTitle "CM"]
[BlackTitle "WIM"]
[WhiteElo "1900"]
[BlackElo "1982"]
[WhiteTeam "Costa Rica"]
[BlackTeam "Ecuador"]
[WhiteFideId "6505090"]
[BlackFideId "3614581"]
[EventDate "2021.09.02"]
[EventType "team"]

1. e4 e5 2. Nf3 Nc6 3. Bc4 Nf6 4. d3 Bc5 5. Nbd2 d6 6. c3 a6 7. Bb3 O-O 8. h3
Ne7 9. Nf1 Ng6 10. Ng3 c6 11. O-O d5 12. Re1 dxe4 13. Nxe4 Nxe4 14. dxe4 Qb6 15.
Be3 Bxe3 16. Rxe3 Rd8 17. Rd3 Be6 18. Bxe6 fxe6 19. Rb1 h6 20. Qc2 Rxd3 21. Qxd3
Rd8 22. Qc4 Kf7 23. h4 Qb5 24. Qxb5 axb5 25. h5 Nf4 26. Nxe5+ Kf6 27. Nf3 e5 28.
Kf1 Nxh5 29. g3 Ke6 30. Ke2 Nf6 31. Ke3 Ra8 32. a3 Ra4 33. Nd2 Ra8 34. f4 Rd8
35. Rf1 exf4+ 36. gxf4 Ng4+ 37. Ke2 h5 38. Nf3 Nf6 39. Ng5+ Ke7 40. Rh1 g6 41.
Rf1 c5 42. Rd1 Rxd1 43. Kxd1 h4 44. Ke2 h3 45. Kf2 Ng4+ 46. Kg1 h2+ 47. Kh1 Kf6
48. Nf3 Nf2+ 49. Kxh2 Nxe4 50. Kg2 Kf5 51. Nh4+ Kxf4 52. Nxg6+ Ke3 53. Ne5 c4
54. Nd7 Kd3 55. Kf3 Nd2+ 56. Kf2 Kc2 57. Ke2 Nb3 58. Nb6 Kxb2 59. a4 bxa4 60.
Nxa4+ Kc2 61. Nb6 Kxc3 62. Kd1 Kd3 63. Nd5 c3 64. Nb4+ Kc4 65. Nc2 Nd4 66. Ne3+
Kd3 67. Nd5 c2+ 68. Kc1 Nb3+ 69. Kb2 c1=Q+ 0-1

[Event "Online Olym Div2 E 2021"]
[Site "chess.com INT"]
[Date "2021.09.04"]
[Round "8.3"]
[Board "4"]
[White "Heredia Serrano, Carla"]
[Black "Gamboa Alvarado, Olga Leticia"]
[Result "1-0"]
[WhiteTitle "WGM"]
[BlackTitle "WFM"]
[WhiteElo "2107"]
[BlackElo "1865"]
[WhiteTeam "Ecuador"]
[BlackTeam "Costa Rica"]
[WhiteFideId "3603687"]
[BlackFideId "6502270"]
[EventDate "2021.09.02"]
[EventType "team"]

1. d4 Nf6 2. Nc3 d6 3. e4 g6 4. Nf3 Bg7 5. h3 c6 6. a4 O-O 7. Be3 Nbd7 8. Be2
Qc7 9. a5 e5 10. dxe5 Nxe5 11. O-O Be6 12. Bd4 Rfe8 13. Re1 h6 14. Nxe5 dxe5 15.
Be3 Kh7 16. Bf3 Red8 17. Qe2 b5 18. axb6 axb6 19. Ra6 Rab8 20. Rea1 Rb7 21. b3
Bf8 22. Bg4 Nxg4 23. hxg4 b5 24. f3 Be7 25. Kh2 f5 26. gxf5 gxf5 27. Ra7 Rdb8
28. Nd1 f4 29. Bf2 Qd7 30. Nb2 Bf6 31. Nd3 Qe8 32. Nc5 Qh5+ 33. Kg1 Rxa7 34.
Rxa7+ Bf7 35. Nd7 Bh4 36. Bxh4 1-0

[Event "Online Olym Div2 E 2021"]
[Site "chess.com INT"]
[Date "2021.09.04"]
[Round "8.3"]
[Board "5"]
[White "Ramirez Madrid, Gerardo Alfonso"]
[Black "Jaramillo Arce, David"]
[Result "1/2-1/2"]
[WhiteTitle "FM"]
[WhiteElo "2029"]
[BlackElo "1970"]
[WhiteTeam "Costa Rica"]
[BlackTeam "Ecuador"]
[WhiteFideId "6505945"]
[BlackFideId "3610004"]
[EventDate "2021.09.02"]
[EventType "team"]

1. Nf3 c5 2. c4 Nc6 3. Nc3 g6 4. g3 Bg7 5. Bg2 Nf6 6. O-O O-O 7. d4 cxd4 8. Nxd4
d6 9. e3 Bd7 10. b3 Rc8 11. Bb2 Qa5 12. h3 Nxd4 13. exd4 Rb8 14. Re1 Rfe8 15.
Rc1 a6 16. a3 Bf5 17. b4 Qc7 18. Na4 b6 19. d5 Qb7 20. Bd4 b5 21. Nb2 bxc4 22.
Nxc4 Qb5 23. Na5 Bh6 24. Be3 Bg7 25. Nc6 Ra8 26. Bf4 Bf8 27. Qd2 Qd3 28. Qxd3
Bxd3 29. Rc3 Bb5 30. Rce3 Bxc6 31. dxc6 Rac8 32. a4 Rb8 33. Rb3 Nh5 34. Be3 d5
35. Bxd5 e6 36. Bg2 Rxb4 37. Rxb4 Bxb4 38. Rb1 Ba5 39. Rb7 Rc8 40. Ra7 Nf6 41.
Rxa6 Bc7 42. Ra7 Ne8 43. Rb7 Nd6 44. Rb1 Ra8 45. Ra1 Nc4 46. Bc5 f6 47. Kf1 Kf7
48. Ke2 Ke8 49. Kd3 Ne5+ 50. Ke2 Ra6 51. Be3 Nxc6 52. Rc1 Kd7 53. Rd1+ Kc8 54.
Rc1 Kd7 55. Rd1+ Kc8 56. Rc1 Kd7 1/2-1/2

[Event "Online Olym Div2 E 2021"]
[Site "chess.com INT"]
[Date "2021.09.04"]
[Round "8.3"]
[Board "6"]
[White "Miranda Vargas, Analia Karen"]
[Black "Diaz Charpentier, Kristel Meliss"]
[Result "1-0"]
[WhiteElo "1587"]
[BlackElo "1898"]
[WhiteTeam "Ecuador"]
[BlackTeam "Costa Rica"]
[WhiteFideId "3632393"]
[BlackFideId "6511708"]
[EventDate "2021.09.02"]
[EventType "team"]

1. e4 c5 2. Nf3 d6 3. c3 Nf6 4. h3 g6 5. Bd3 Bg7 6. Bc2 O-O 7. d4 cxd4 8. cxd4
Nc6 9. Nc3 e5 10. O-O exd4 11. Nxd4 Nxe4 12. Nxc6 Nxc3 13. Nxd8 Nxd1 14. Nxf7
Nxb2 15. Nxd6 Nc4 16. Nxc4 Bxa1 17. Ba3 Bg7 18. Bxf8 Bxf8 19. Re1 b5 20. Ne5 Kg7
21. Be4 Rb8 22. Rc1 Be6 23. Rc7+ Kg8 24. Rxa7 Rd8 25. Ng4 Bg7 26. Ra6 Bf7 27.
Rb6 Bc4 28. a3 Bf8 29. Rb7 Rd1+ 30. Kh2 Bd6+ 31. g3 Rd2 32. Nf6+ Kf8 33. Nxh7+
Ke8 34. Nf6+ Kd8 35. Ng4 Bxa3 36. Bxg6 b4 37. Be4 b3 38. Ne3 Be6 39. Kg2 Bc5 40.
Kf3 b2 41. Rb5 Bd4 42. h4 Bd7 43. Rb3 Ba4 44. Rb8+ Kc7 45. Rb7+ Kc8 46. Rb4 Bd7
47. h5 Kd8 48. h6 Ke7 49. h7 b1=Q 50. Bxb1 Bc6+ 51. Be4 Bxe4+ 52. Kxe4 Bg7 53.
Rb7+ Kf6 54. f4 Rd8 55. g4 Re8+ 56. Kf3 Kg6 57. Nf5 Bf6 58. Rb6 Rh8 59. g5 Kxh7
60. Rxf6 Rb8 61. Kg4 Rb1 62. Rh6+ Kg8 63. Ne7+ Kf8 64. Ng6+ Kg7 65. Ne5 Rg1+ 66.
Kf5 Rf1 67. Rg6+ Kh7 68. Ra6 Rb1 69. Ra7+ Kg8 70. g6 Rb8 71. Kg5 Rb1 72. f5 Rb5
73. Ra8+ 1-0

[Event "Online Olym Div2 E 2021"]
[Site "chess.com INT"]
[Date "2021.09.04"]
[Round "8.4"]
[Board "1"]
[White "Chavez, Ricardo Ernesto"]
[Black "Juarez Flores, Carlos A."]
[Result "1/2-1/2"]
[WhiteTitle "FM"]
[BlackTitle "IM"]
[WhiteElo "2242"]
[BlackElo "2374"]
[WhiteTeam "El Salvador"]
[BlackTeam "Guatemala"]
[WhiteFideId "6700098"]
[BlackFideId "7300018"]
[EventDate "2021.09.02"]
[EventType "team"]

1. e4 c6 2. d4 d5 3. e5 Bf5 4. Nf3 e6 5. Nbd2 Nd7 6. Nb3 Ne7 7. Be2 Bg6 8. O-O
Nf5 9. Bd2 Be7 10. c4 O-O 11. c5 b6 12. Rc1 bxc5 13. g4 Nxd4 14. Nbxd4 cxd4 15.
Nxd4 Nxe5 16. Bf4 c5 17. Bxe5 cxd4 18. Bxd4 Bd6 19. Qd2 Qh4 20. f4 Be4 21. Rc3
a5 22. Bf2 Qe7 23. a3 f5 24. g5 Rab8 25. Rfc1 e5 26. Bg3 exf4 27. Bxf4 Bxf4 28.
Qxf4 Rxb2 29. Rc7 Qxa3 30. R1c3 Qa1+ 31. Kf2 Qh1 32. Rxg7+ Kxg7 33. Qe5+ Kg8 34.
Qe6+ Kh8 35. Qe5+ Kg8 36. Qe6+ Kh8 37. Qe5+ Kg8 1/2-1/2

[Event "Online Olym Div2 E 2021"]
[Site "chess.com INT"]
[Date "2021.09.04"]
[Round "8.4"]
[Board "2"]
[White "Giron, David"]
[Black "Arias, Lemnys A."]
[Result "0-1"]
[BlackTitle "IM"]
[WhiteElo "2126"]
[BlackElo "2303"]
[WhiteTeam "Guatemala"]
[BlackTeam "El Salvador"]
[WhiteFideId "7300697"]
[BlackFideId "6700284"]
[EventDate "2021.09.02"]
[EventType "team"]

1. e4 c5 2. Nf3 a6 3. c4 d6 4. d4 Bg4 5. d5 Nd7 6. Be2 g6 7. Nfd2 Bxe2 8. Qxe2
Bg7 9. O-O e5 10. dxe6 fxe6 11. f4 Ne7 12. Nf3 Nc6 13. Be3 Nd4 14. Bxd4 cxd4 15.
e5 dxe5 16. fxe5 Qb6 17. Nbd2 d3+ 18. Qf2 Qxf2+ 19. Kxf2 Nxe5 20. Rae1 O-O 21.
b3 Rae8 22. Kg3 Nc6 23. Re3 Nb4 24. a3 Bh6 25. Re4 Nc2 26. a4 Rf5 27. h4 Ref8
28. Rxe6 Bxd2 29. Nxd2 Rxf1 30. Nxf1 Rxf1 31. Rd6 Nb4 32. h5 Kg7 33. hxg6 hxg6
34. Kg4 Rf6 35. Rd7+ Rf7 36. Rd6 Rf5 37. Rd7+ Kf8 38. Kh3 Ke8 39. Rd4 Rf7 40.
Kg3 Rd7 41. Re4+ Kd8 42. Re1 Kc7 43. Kf3 Kc6 44. Rd1 Re7 45. g4 Kc5 46. g5 Kd4
47. Rh1 d2 0-1

[Event "Online Olym Div2 E 2021"]
[Site "chess.com INT"]
[Date "2021.09.04"]
[Round "8.4"]
[Board "3"]
[White "Ortez, Andrea"]
[Black "Mencos, Claudia"]
[Result "1/2-1/2"]
[WhiteTitle "WIM"]
[BlackTitle "WIM"]
[WhiteElo "1969"]
[BlackElo "1977"]
[WhiteTeam "El Salvador"]
[BlackTeam "Guatemala"]
[WhiteFideId "6702392"]
[BlackFideId "7300573"]
[EventDate "2021.09.02"]
[EventType "team"]

1. e4 c5 2. c3 d5 3. exd5 Qxd5 4. d4 Nf6 5. Nf3 Nc6 6. Na3 a6 7. Nc4 cxd4 8.
Nxd4 Nxd4 9. Qxd4 Qxd4 10. cxd4 Bf5 11. Be2 Be4 12. O-O e6 13. a3 Be7 14. Re1
Bc6 15. Ne5 Bd5 16. Bc4 Bxc4 17. Nxc4 Nd5 18. Ne3 Rd8 19. Rd1 O-O 20. Nxd5 Rxd5
21. Be3 h6 22. Rac1 Rfd8 23. Rc2 Bf6 24. Rcd2 Bg5 25. Kf1 Bf6 26. Ke2 e5 27.
dxe5 Rxd2+ 28. Rxd2 Rxd2+ 29. Bxd2 Bxe5 30. b3 Kf8 31. Bb4+ Ke8 32. h3 Kd7 33.
Kd3 Bd6 34. Bxd6 Kxd6 35. Kd4 b6 36. a4 f5 37. b4 g5 38. g4 f4 39. f3 Ke6 40.
Ke4 a5 41. bxa5 bxa5 42. Kd4 Kd6 43. Kc4 Kc6 44. Kd4 Kd6 45. Kc4 Kc6 46. Kd4 Kd6 1/2-1/2

[Event "Online Olym Div2 E 2021"]
[Site "chess.com INT"]
[Date "2021.09.04"]
[Round "8.4"]
[Board "4"]
[White "Mencos Castillo, Maria"]
[Black "Garcia, Angie"]
[Result "1-0"]
[WhiteTitle "WIM"]
[BlackTitle "WFM"]
[WhiteElo "1865"]
[BlackElo "1802"]
[WhiteTeam "Guatemala"]
[BlackTeam "El Salvador"]
[WhiteFideId "7300867"]
[BlackFideId "6702503"]
[EventDate "2021.09.02"]
[EventType "team"]

1. e4 e6 2. Nc3 d5 3. d4 Nf6 4. e5 Nfd7 5. f4 c5 6. Nf3 Nc6 7. Ne2 cxd4 8. Nexd4
Bc5 9. c3 Qb6 10. a4 a5 11. Bb5 O-O 12. Be3 Nxd4 13. Bxd4 f6 14. O-O fxe5 15.
fxe5 Rf5 16. Kh1 Nf8 17. Bd3 Rh5 18. Bxc5 Qxc5 19. Nd4 Rh6 20. Qf3 Qe7 21. Nb5
Bd7 22. Nd6 Be8 23. Rf2 Bh5 24. Qg3 Nd7 25. Raf1 Rf8 26. Rxf8+ Nxf8 27. Qf2 Ng6
28. Bxg6 Bxg6 29. Qa7 Qd8 30. Qxb7 Rh5 31. Nf7 Bxf7 32. Qxf7+ Kh8 33. Qf8+ Qxf8
34. Rxf8# 1-0

[Event "Online Olym Div2 E 2021"]
[Site "chess.com INT"]
[Date "2021.09.04"]
[Round "8.4"]
[Board "6"]
[White "Juarez Garcia, Daniela"]
[Black "Vasquez Vasquez, Marielos"]
[Result "0-1"]
[BlackTitle "WCM"]
[WhiteElo "1625"]
[BlackElo "1498"]
[WhiteTeam "Guatemala"]
[BlackTeam "El Salvador"]
[WhiteFideId "7302703"]
[BlackFideId "6705723"]
[EventDate "2021.09.02"]
[EventType "team"]

1. e4 c5 2. Nc3 Nc6 3. g3 g6 4. Bg2 Bg7 5. d3 d6 6. Nf3 e5 7. Be3 Nge7 8. h4 h5
9. Qe2 Nd4 10. Bxd4 cxd4 11. Nd5 Be6 12. Ng5 Nxd5 13. exd5 Bd7 14. Ne4 Qe7 15.
O-O-O Bh6+ 16. Kb1 f5 17. Nd2 O-O-O 18. Rhe1 Rde8 19. Nc4 f4 20. Be4 Qf6 21. Rf1
Rhf8 22. Qe1 Bb5 23. Na5 Re7 24. Qb4 Ba6 25. a4 Ref7 26. b3 Qg7 27. Qxd6 fxg3
28. f3 g5 29. Qc5+ Rc7 30. Qxa7 gxh4 31. d6 Rcf7 32. Qc5+ Kb8 33. Qd5 g2 34. Rg1
h3 35. d7 Rxd7 36. Qc5 Rc8 37. Qb4 Be3 38. Nc6+ Ka8 39. Na5 Bxg1 40. Qb6 Rdc7
41. Rxg1 h2 42. Nxb7 Bxb7 43. Bxb7+ Rxb7 44. Qa6+ Kb8 45. Qd6+ Qc7 46. Qd5
hxg1=Q+ 0-1

[Event "Online Olym Div2 E 2021"]
[Site "chess.com INT"]
[Date "2021.09.04"]
[Round "8.5"]
[Board "1"]
[White "Zambrana, Oswaldo"]
[Black "Christie, Joshua"]
[Result "1-0"]
[WhiteTitle "GM"]
[BlackTitle "FM"]
[WhiteElo "2438"]
[BlackElo "2206"]
[WhiteTeam "Bolivia"]
[BlackTeam "Jamaica"]
[WhiteFideId "3300200"]
[BlackFideId "7402074"]
[EventDate "2021.09.02"]
[EventType "team"]

1. e4 e6 2. d4 d5 3. Nd2 Nf6 4. e5 Nfd7 5. c3 c5 6. Bd3 Nc6 7. Ne2 cxd4 8. cxd4
f6 9. exf6 Nxf6 10. Nf3 Bd6 11. O-O Qc7 12. Bg5 O-O 13. Bh4 Nh5 14. Qc2 h6 15.
Bh7+ Kh8 16. Bg6 Nf4 17. Nxf4 Bxf4 18. Bg3 Bd7 19. Rfd1 Qb6 20. Qe2 Rf6 21. Bb1
Bxg3 22. hxg3 Raf8 23. Qd3 g6 24. b3 Be8 25. a3 Qc7 26. Ra2 g5 27. Qe3 Bg6 28.
Bxg6 Rxg6 29. Rc2 Qg7 30. Rdc1 Rgf6 31. b4 a6 32. Ne5 Nxe5 33. Qxe5 Rg6 34. Rc8
Rf6 35. R1c7 Rxc8 36. Rxc8+ Kh7 37. a4 Rf8 38. Rxf8 Qxf8 39. Qxe6 Qxb4 40. Qxd5
b5 41. axb5 axb5 42. Qf7+ Kh8 43. d5 Qd6 44. Qe8+ Kg7 45. Qxb5 Kf6 46. Qb2+ Kf5
47. Qd4 h5 48. Qd3+ Ke5 49. Qe3+ Kf5 50. Qf3+ Kg6 51. Qe4+ Kf6 52. Kh1 Qb6 53.
Qf3+ Kg6 54. Qd3+ Kf6 55. d6 Ke6 56. Qg6+ Kd7 57. Qxg5 Qxf2 58. Qe7+ Kc6 59.
Qc7+ Kb5 60. d7 h4 61. d8=Q h3 62. Qdb8+ Ka6 63. Qcb7+ Ka5 64. Qb5# 1-0

[Event "Online Olym Div2 E 2021"]
[Site "chess.com INT"]
[Date "2021.09.04"]
[Round "8.5"]
[Board "2"]
[White "Matthews, Shane"]
[Black "Gemy, Jose Daniel"]
[Result "0-1"]
[WhiteTitle "IM"]
[BlackTitle "IM"]
[WhiteElo "2205"]
[BlackElo "2380"]
[WhiteTeam "Jamaica"]
[BlackTeam "Bolivia"]
[WhiteFideId "7400012"]
[BlackFideId "3301478"]
[EventDate "2021.09.02"]
[EventType "team"]

1. e4 e5 2. Nf3 Nc6 3. Bc4 Bc5 4. c3 Nf6 5. d3 a6 6. O-O d6 7. h3 Ba7 8. Be3 Na5
9. Bxa7 Rxa7 10. Nbd2 O-O 11. Bb3 Nxb3 12. Qxb3 Nh5 13. Qc2 Nf4 14. Nc4 f5 15.
Rad1 Qf6 16. Ne3 fxe4 17. dxe4 Nxh3+ 18. Kh1 Nf4 19. Nd5 Nxd5 20. Rxd5 Be6 21.
Rd2 Raa8 22. b3 Qh6+ 23. Kg1 Rxf3 24. gxf3 Bh3 0-1